| 000 | 01617nam0a2200373 4500 | ||
|---|---|---|---|
| 001 | RU\NLR\BIBL_A\012215346 | ||
| 005 | 20230222093947.0 | ||
| 010 |
_a978-5-906819-68-0 _92000 |
||
| 021 |
_aRU _bКН-П-19-101014 _9КН-П-19-7431 |
||
| 035 | _a(NLR Aleph) 012215346 | ||
| 035 | _a(RuMoRGB)010213559 | ||
| 090 |
_a10903702 _c10903702 |
||
| 100 | _a20200211d2019 u y0rusy50 ca | ||
| 101 | 0 | _arus | |
| 102 | _aRU | ||
| 105 | _ay|||z|||000ay | ||
| 181 | 0 |
_ai _baxxe |
|
| 182 | 0 | _an | |
| 200 | 1 |
_aЗапретная земля _e[повесть и рассказы] _fЕлена Шолохова |
|
| 203 |
_aТекст _bвизуальный _cнепосредственный |
||
| 210 |
_aМосква _cАквилегия-М _d2019 (макет 2020) |
||
| 215 |
_a237, [2] с. _d21 |
||
| 225 | 1 | _aСовременная проза | |
| 300 | _aНа 4-й с. обл. авт.: Елена Шолохова - пер., лауреат конкурса "Дневник поколения" | ||
| 320 | _aДр. кн. авт. на 4-й с. обл. | ||
| 327 | 1 | _aСодерж.: Запретная земля: повесть; Рассказы: Письмо другу; Там, где живёт сердце; Исчезновение Лоры Перкинс | |
| 333 | _aДля детей старше 16 лет; 16+ | ||
| 686 | 0 | _aШ9(2)62=Р7-4 | |
| 700 | 1 |
_aШолохова _bЕ. А. _f1977- _gЕлена Алексеевна _3RU\NLR\AUTH\770252975 |
|
| 942 | _cBOOK | ||
| 980 | _aNB | ||